000 00316 a2200157 4500
001 192749
020 _a
040 _cMagnum
100 _aBraido, Selva
240 1 0 _aA raposa e as uvas
_lpor
245 1 0 _aA raposa e as uvas
300 _a28
440 1 _aFTD
697 _aLITERATURA INFANTIL
942 _cBK
999 _c192749
_d192749